Zváranie `95. : 23. celoštátna konferencia a diskusné fórum k posúdeniu súčasného stavu a výhľadu oživenia zváračskej výroby na Slovensku. Zborník anotácií.

Uložené v:
Podrobná bibliografia
Médium: Kniha
Jazyk:Slovak
Vydané: Bratislava : Dom techniky ZS VTS Bratislava, s.r.o., 1995
Vydanie:1. vyd.
Témy:
ISBN: 8023303570 (brož.)
Fyzický popis: 47 s.
Tagy: Pridať tag
Žiadne tagy, Buďte prvý kto otaguje tento záznam!

MARC

LEADER 00000nam a2200000 a 4500
001 000036607
003 SVKK
005 19990616000000.0
008 960104s1995 xo e sloo
020 |a 8023303570 (brož.) 
040 |a SVKKK  |b slo  |c SVKKK  |e AACR2 
041 0 |a slo 
044 |a xo  |c SK 
080 |a 621.791(082)  |2 1997 
245 0 0 |a Zváranie `95. :  |b 23. celoštátna konferencia a diskusné fórum k posúdeniu súčasného stavu a výhľadu oživenia zváračskej výroby na Slovensku. Zborník anotácií. 
250 |a 1. vyd. 
260 |a Bratislava :  |b Dom techniky ZS VTS Bratislava, s.r.o.,  |c 1995 
300 |a 47 s. 
653 0 |a zváranie  |2 SVKKKPH 
653 0 |a zborníky  |2 SVKKKPH 
655 7 |a zborníky  |2 SVKKKPH 
910 |a svkkk 
919 |a 80-233-0357-0 
974 |a MI  |d 19960227 
974 |a PA  |d 19960219 
974 |a MI  |d 19990616 
998 |a BK 
090 |g SCKHL  |k Sklad Pribinova 2. posch.  |a III.170619  |j 890664  |i 2720066305  |s Absenčne